Statistics for Most Sprawling U.S. Metro Areas

Click here to take the quiz!

General Stats

  • This quiz has been taken 14 times
  • The average score is 5 of 20

Answer Stats

StateCity% Correct
GAAtlanta-Sandy Springs-Marietta
85%
TNNashville-Davidson-Murfreesboro-Franklin
77%
LABaton Rouge
31%
GA-SCAugusta-Richmond County
23%
TN-GAChattanooga
23%
TN-KYClarksville
23%
AR-MOFayetteville-Springdale-Rogers
23%
NCGreensboro-High Point
23%
SCGreenville-Mauldin-Easley
23%
CARiverside-San Bernardino-Ontario
23%
NCFayetteville
15%
SCFlorence
15%
AR-OKFort Smith
15%
WIGreen Bay
15%
NCHickory-Lenoir-Morganton
15%
TN-VAKingsport-Bristol-Bristol
15%
AZLake Havasu City-Kingman
15%
AZPrescott
15%
NCWinston-Salem
15%
VALynchburg
8%

Score Distribution

Percentile by Number Answered

Percent of People with Each Score

Your Score History

You have not taken this quiz